Sociedad y estado en el siglo XVIII español /
Se presenta una visión de la historia política, social y cultural de España en el siglo XVIII.
Guardado en:
| Autor principal: | |
|---|---|
| Formato: | Libro |
| Idioma: | Español |
| Publicado: |
Barcelona, España :
Ariel,
1976, c1976
|
| Colección: | (Ariel Historia ;
9) |
| Temas: | |
| Etiquetas: |
Sin etiquetas, Sé el primero en etiquetar este registro!
|
MARC
| LEADER | 00000nam^a2200000^a^4500 | ||
|---|---|---|---|
| 001 | 000126986 | ||
| 005 | 20250521000000.0 | ||
| 009 | 20260310094744.383 | ||
| 020 | |a 84-344-6509-4 | ||
| 037 | |a Acervo ITESO - Biblioteca | ||
| 041 | |a ESP | ||
| 082 | |a 946. 054 |b DOM | ||
| 100 | |a Domínguez Ortiz, Antonio |e (autor) | ||
| 245 | 1 | 0 | |a Sociedad y estado en el siglo XVIII español / |c A. Domínguez Ortiz. |
| 264 | 4 | |a Barcelona, España : |b Ariel, |c 1976, c1976 | |
| 300 | |a 532 p. | ||
| 336 | |a texto |b txt |2 rdacontenido | ||
| 337 | |a sin mediación |b n |2 rdamedio | ||
| 338 | |a volumen |b nc |2 rdasoporte | ||
| 440 | 1 | |a (Ariel Historia ; |v 9) | |
| 520 | |a Se presenta una visión de la historia política, social y cultural de España en el siglo XVIII. | ||
| 649 | |a XX | ||
| 650 | |a España - |x Historia - |y Felipe V, 1700-1746 | ||
| 650 | |a España - |x Historia - |y Guerra Anglo-Española, 1739-1748 | ||
| 650 | |a España - |x Historia - |y Fernando VI, 1746-1759 | ||
| 650 | |a España - |x Historia - |y Carlos III, 1759-1788 | ||
| 650 | |a España - |x Historia - |y Guerra Anglo-Española, 1762-1763 | ||
| 650 | |a España - |x Historia - |y Carlos IV, 1788-1808 | ||
| 650 | |a España - |x Historia - |y Siglo XVIII | ||
| 910 | |a Fondo Salvador Reynoso Reynoso | ||
| 920 | |a Impresos - Libros | ||
| 930 | |a Fondos Especiales | ||
| 905 | |a 112 | ||
| 901 | |a 0800009129 |b IT2 |c ESP |u 20250521 | ||
| 902 | |a https://opac.biblio.iteso.mx/vufind/Record/000126986 | ||